| 000 | 00744nam a2200229 u 4500 | ||
|---|---|---|---|
| 005 | 20240924064317.0 | ||
| 008 | 130822s2001 es r 000 0 spa d | ||
| 020 | _a8480634707 | ||
| 035 | _aUPN01000192397 | ||
| 049 | _aCG | ||
| 050 | 4 |
_aLB2806.15 _bT3.4 |
|
| 100 | 1 |
_aTadeu da Silva, Tomaz _933998 |
|
| 245 | 1 | 0 |
_aEspacios de identidad : _bnuevas visiones sobre el currículum / _cTomaz Tadeu da Silva ; tr. Estanislao Antelo. |
| 260 |
_aBarcelona, Esp. : _bOctaedro, _c2001. |
||
| 300 | _a190 p. | ||
| 534 |
_pTítulo original: _tDocumentos de identidade |
||
| 650 | 4 |
_aCambios curriculares _94893 |
|
| 650 | 2 |
_aPlanificación curricular _95734 |
|
| 650 | 4 |
_aEducación _vPlanes y programas _96413 |
|
| 905 | _aLibro | ||
| 999 |
_c164500 _d164500 |
||